| 000 | 00655nam a2200229 i 4500 | ||
|---|---|---|---|
| 001 | 15606 | ||
| 003 | ES-MaACL | ||
| 005 | 20240224063055.0 | ||
| 007 | t| | ||
| 008 | 000405s1999 sp ||||1| spa d | ||
| 020 | _a84-8012-260-9 | ||
| 080 | _a821.134.2-94"19" | ||
| 100 | 0 |
_aColinas, Antonio, _d1946- _939602 |
|
| 245 | 1 | 3 |
_aEl crujido de la luz / _cAntonio Colinas. |
| 250 | _a1ª ed. | ||
| 260 |
_aLeón : _bEdilesa, _c1999. |
||
| 300 |
_a144 p. : _bil. ; _c22 cm. |
||
| 490 | 1 | _aLos libros de la candamia | |
| 830 | 0 |
_aLos libros de la candamia _9228590 |
|
| 852 |
_aES-MaACL _jL-22702 _bR.128324 |
||
| 999 |
_c15606 _d15606 |
||